<?xml version="1.0" encoding="UTF-8"?><marc:collection xmlns:marc="http://www.loc.gov/MARC21/slim">
  <marc:record>
    <marc:leader>00000nam  2200000za 4500</marc:leader>
    <marc:controlfield tag="001">9.832176</marc:controlfield>
    <marc:controlfield tag="003">CaOODSP</marc:controlfield>
    <marc:controlfield tag="005">20250909143249</marc:controlfield>
    <marc:controlfield tag="007">cr |||||||||||</marc:controlfield>
    <marc:controlfield tag="008">170210s2017    onc     o    f000 0 fre d</marc:controlfield>
    <marc:datafield tag="040" ind1=" " ind2=" ">
      <marc:subfield code="a">CaOODSP</marc:subfield>
      <marc:subfield code="b">fre</marc:subfield>
    </marc:datafield>
    <marc:datafield tag="043" ind1=" " ind2=" ">
      <marc:subfield code="a">n-cn---</marc:subfield>
    </marc:datafield>
    <marc:datafield tag="086" ind1="1" ind2=" ">
      <marc:subfield code="a">Rv55-5/17-2-1-2017F-PDF</marc:subfield>
    </marc:datafield>
    <marc:datafield tag="245" ind1="0" ind2="0">
      <marc:subfield code="a">Codage, présentation et traitement d’un formulaire B2, Douanes Canada – Demande de rajustement </marc:subfield>
      <marc:subfield code="h">[ressource électronique].</marc:subfield>
    </marc:datafield>
    <marc:datafield tag="250" ind1=" " ind2=" ">
      <marc:subfield code="a">[Édition de 26 janvier 2017].</marc:subfield>
    </marc:datafield>
    <marc:datafield tag="260" ind1=" " ind2=" ">
      <marc:subfield code="a">Ottawa : </marc:subfield>
      <marc:subfield code="b">Agence des services frontaliers du Canada, </marc:subfield>
      <marc:subfield code="c">2017.</marc:subfield>
    </marc:datafield>
    <marc:datafield tag="300" ind1=" " ind2=" ">
      <marc:subfield code="a">84 p.</marc:subfield>
    </marc:datafield>
    <marc:datafield tag="490" ind1="1" ind2=" ">
      <marc:subfield code="a">Mémorandums D des douanes. D17, Procédures de déclarations en détails et des mainlevées, </marc:subfield>
      <marc:subfield code="x">2369-2405 ; </marc:subfield>
      <marc:subfield code="v">D17-2-1, le 26 janvier 2017</marc:subfield>
    </marc:datafield>
    <marc:datafield tag="500" ind1=" " ind2=" ">
      <marc:subfield code="a">Publ. aussi en anglais sous le titre : The coding, submission and processing of Form B2, Canada Customs Adjustment Request.</marc:subfield>
    </marc:datafield>
    <marc:datafield tag="500" ind1=" " ind2=" ">
      <marc:subfield code="a">Titre de départ.</marc:subfield>
    </marc:datafield>
    <marc:datafield tag="500" ind1=" " ind2=" ">
      <marc:subfield code="a">« Ceci annule le mémorandum D : D17-2-1 (1er janvier 1991); Mémorandum intérimaire D17-2-1 (7 juin 2006); D17-2-2 (4 janvier 1993) »--p. 84.</marc:subfield>
    </marc:datafield>
    <marc:datafield tag="520" ind1=" " ind2=" ">
      <marc:subfield code="a">« Le présent mémorandum a été mis à jour pour : (a) Intégrer les renseignements qui se trouvaient dans le Mémorandum D17-2-1, Codage des formules de demande de rajustement, le Mémorandum intérimaire D17-2-1, Codage des formules de demande de rajustement, le Mémorandum D17-2-2, Traitement des formules de demande de rajustement, et l’Avis des douanes 12-004, Fermeture du bureau des Recours de la région du Pacifique; (b) Tenir compte des changements organisationnels et opérationnels apportés à l’Agence des services frontaliers du Canada (ASFC); (c) Mettre à jour les renvois aux politiques et aux formulaires de l’ASFC; (d) Retirer tous les renvois de demandes générales de rajustement au moyen du formulaire B2, Douanes Canada – Demande de rajustement, en raison de la publication du Mémorandum D17-2-4, Préparation et présentation de demandes générales de rajustement; et, (e) Tenir compte des changements en vertu de la mise en œuvre du Grand livre des comptes clients (GLCC). Le présent mémorandum contient des instructions pour l’établissement, la présentation et le traitement du formulaire B2, Douanes Canada – Demande de rajustement, à l’intention des importateurs et des courtiers qui souhaitent faire rajuster des transactions commerciales »--En résumé, p. [1].</marc:subfield>
    </marc:datafield>
    <marc:datafield tag="692" ind1="0" ind2="7">
      <marc:subfield code="2">gccst</marc:subfield>
      <marc:subfield code="a">Importation</marc:subfield>
    </marc:datafield>
    <marc:datafield tag="692" ind1="0" ind2="7">
      <marc:subfield code="2">gccst</marc:subfield>
      <marc:subfield code="a">Formulaire</marc:subfield>
    </marc:datafield>
    <marc:datafield tag="692" ind1="0" ind2="7">
      <marc:subfield code="2">gccst</marc:subfield>
      <marc:subfield code="a">Douanes</marc:subfield>
    </marc:datafield>
    <marc:datafield tag="710" ind1="2" ind2=" ">
      <marc:subfield code="a">Agence des services frontaliers du Canada.</marc:subfield>
    </marc:datafield>
    <marc:datafield tag="775" ind1="0" ind2="8">
      <marc:subfield code="t">The coding, submission and processing of Form B2, Canada Customs Adjustment Request </marc:subfield>
      <marc:subfield code="w">(CaOODSP)9.832174</marc:subfield>
    </marc:datafield>
    <marc:datafield tag="794" ind1=" " ind2=" ">
      <marc:subfield code="t">Codage, présentation et traitement d’un formulaire B2, Douanes Canada – Demande de rajustement </marc:subfield>
      <marc:subfield code="b">[Édition de 3 mai 2017]</marc:subfield>
      <marc:subfield code="w">(CaOODSP)9.837754</marc:subfield>
    </marc:datafield>
    <marc:datafield tag="830" ind1="#" ind2="0">
      <marc:subfield code="a">Mémorandums D des douanes. D17, Procédures de déclarations en détails et des mainlevées,</marc:subfield>
      <marc:subfield code="x">2369-2405 ; </marc:subfield>
      <marc:subfield code="v">D17-2-1, le 26 janvier 2017</marc:subfield>
      <marc:subfield code="w">(CaOODSP)9.816826</marc:subfield>
    </marc:datafield>
    <marc:datafield tag="856" ind1="4" ind2="0">
      <marc:subfield code="q">PDF</marc:subfield>
      <marc:subfield code="s">25.72 Mo</marc:subfield>
      <marc:subfield code="u">https://publications.gc.ca/collections/collection_2017/asfc-cbsa/Rv55-5-17-2-1-2017-fra.pdf</marc:subfield>
    </marc:datafield>
  </marc:record>
</marc:collection>
